Mikroskopické huby v pôdach Slovenska

Bibliographic Details
Main Author: Šimonovičová, Alexandra, 1954- (Author)
Format: Software eBook
Language:Slovak
PhysicalDescription:1 elektronický optický disk (CD-ROM) 12 cm
Published: V Bratislave Univerzita Komenského 2011
ISBN:9788022330800
Edition:1. vyd.
Subjects:

MARC

LEADER 00000nam a2200000 a 4500
001 vtls010427440
003 SK-MaSNL
005 20260425223215.0
007 co bg auuua
008 240314s2011 xo | fs 000 0 slo
015 |a SNBS2014 
020 |a 9788022330800  |q (elektronická kniha) 
040 |a SNK  |b slo  |c SNK  |e AACR2 
041 0 |a slo 
043 |a e-xo--- 
044 |a xo  |c SK 
072 7 |a 631  |x Poľnohospodárstvo. Pedológia. Agrotechnika. Agroekológia  |2 konspekt 
072 7 |a 58  |x Botanika  |2 konspekt 
080 |a 582.28-022.53  |2 2001 
080 |a 631.461/.467  |2 2001 
080 |a (437.6)  |2 2001 
080 |a (0.034.44)  |2 2001 
080 |a (048.8)  |2 2001 
100 1 |a Šimonovičová, Alexandra,  |d 1954-  |4 aut  |9 20752 
245 1 0 |a Mikroskopické huby v pôdach Slovenska  |h elektronický zdroj  |c Alexandra Šimonovičová 
250 |a 1. vyd. 
260 |a V Bratislave  |b Univerzita Komenského  |c 2011 
300 |a 1 elektronický optický disk (CD-ROM)  |c 12 cm 
500 |a Názov z titulnej obrazovky 
504 |a Bibliogr. odkazy 
516 |a Textový dokument (prehľad), súbor vo formáte pdf 
536 |a Výstup grantových projektov VEGA 1/0156/11 a VEGA 1/0476/09 
538 |a Technické požiadavky: PDF prehliadač 
648 7 |a 1954-2011  |2 2001  |9 331473 
650 0 7 |a mikromycéty  |2 SNKPH  |9 166298 
650 0 7 |a pôdne mikroorganizmy  |2 SNKPH  |9 72797 
650 0 7 |a Microfungi  |2 SNKPHeng  |9 331474 
650 0 7 |a Soil microorganisms  |2 SNKPHeng  |9 331475 
651 7 |a Slovensko  |2 SNKPH  |9 14231 
651 7 |a Slovakia  |2 SNKPHeng  |9 92630 
655 7 |a elektronické zdroje  |2 SNKPH  |9 90954 
655 7 |a CD-ROM  |2 SNKPH  |9 70236 
655 7 |a prehľady  |2 SNKPH  |9 70194 
655 7 |a Electronic resources  |2 SNKPHeng  |9 175546 
655 7 |a Surveys  |2 SNKPHeng  |9 266058 
752 |a Slovensko  |d Bratislava 
919 |a 978-80-223-3080-0 
958 |a NB 
999 |c 579442  |d 581372 
952 |a SNK  |b SNK  |y PREZ  |7 0  |p 17A0954212  |o snkSCDM 4787  |i snk2012/10743  |8 0  |0 0  |1 0  |4 0  |d 2012-06-04  |l 0  |r 2026-02-23 14:46:00  |w 2026-02-23